Asean-Korea Centre : Product Development Workshop (Cosmetic & Beauty Care) (22-23 Feb 2017: Perdana Hall, MATRADE, Kuala Lumpur)

Bibliographic Details
Main Author: Hazlinda Anwar (project officer)
Format: Book
Subjects:
LEADER 01195cam a2200301 7i4500
001 0000034291
005 20170511090000.0
006 ## mgq z f
007 ##cc cg# auaap
008 170509
090 0 0 |a PHOT 200.05 M 2017 (DVD)  
100 1 # |a Hazlinda Anwar   |e project officer  
245 1 0 |a Asean-Korea Centre :   |b Product Development Workshop (Cosmetic & Beauty Care) (22-23 Feb 2017: Perdana Hall, MATRADE, Kuala Lumpur)   |c Hazlinda Anwar. 
264 3 0 |a Kuala Lumpur:   |b MATRADE,   |c 2017. 
300 # # |a 2 DVD-RW (549 photographs):   |b illustration, color;   |c 4 <U+00BE> in.. 
336 # # |a still image  |b sti  |2 rdacontent 
337 # # |a computer  |b c  |2 rdamedia 
338 # # |a computer disc  |b cd  |2 rdacarrier 
347 # # |a image file  |b JPEG  |2 rda 
600 0 0 |a Mohd Shahreen Zainooreen Madros, Ir Dr 
610 2 0 |a ASEAN - Korea Centre  
610 2 0 |a Elite Expo Sdn. Bhd.  
650 1 0 |a MATRADE --   |x Photograph Collections --   |y 2017  
650 # 0 |a Cosmetic --   |x Workshop --   |z ASEAN  
650 # 0 |a Cosmetic --   |x Workshop --   |z Korea  
650 # 0 |a Beauty Care --   |x Workshop --   |z Korea  
650 # 0 |a Beauty Care --   |x Workshop --   |z ASEAN  
999 |a PC00001636  |b Photographs  |c Photographs  |e Business Information Centre